Estadísticas de Transportes: series cronológicas 1950-1977

Bewaard in:
Bibliografische gegevens
Coauteurs: Instituto de Estudios de Transportes y Comunicaciones (Auteur), Ministerio de Transportes y Comunicaciones (Auteur)
Formaat: Boek
Taal:Spaans
Gepubliceerd in: Madrid IETC 1979
Onderwerpen:
Tags: Voeg label toe
Geen labels, Wees de eerste die dit record labelt!

MARC

LEADER 00000nam a2200000 a 4500
001 UCU2804
003 CL-VaPUC
008 960426e19790000SP |||||||||||||||||spa|d
082 0 4 |a 388  |b INS  |2 21 
110 2 |a Instituto de Estudios de Transportes y Comunicaciones  |e author  |9 359333 
710 2 |a Ministerio de Transportes y Comunicaciones  |e author  |9 359334 
245 1 0 |a Estadísticas de Transportes: series cronológicas 1950-1977 
300 |a 328 p 
942 |c BK 
945 |d 19960426 00:00:00  |a lriquelm 
260 |a Madrid  |b IETC  |c 1979 
650 7 |a TRANSPORTE  |2 CL-VaPUC  |9 256365 
650 0 |a Tráfico  |9 263653 
650 0 |a Transporte de mercancias  |9 358742 
650 0 |a Carreteras  |9 260132 
650 0 |a Puertos  |9 260105 
650 0 |a Aeropuertos  |9 261061 
650 0 |a Zonas urbanas  |9 337776 
650 0 |a Ciudades  |9 265474 
651 0 |a España  |9 254926 
651 7 |a MADRID  |2 CL-VaPUC  |9 315914 
651 7 |a BARCELONA  |2 CL-VaPUC  |9 267989 
583 |a last modification  |c 19960426 00:00:00  |k Rodrigo Vera 
999 |c 247018  |d 247016 
952 |0 0  |1 0  |4 0  |6 388_000000000000000_INS_1979  |7 0  |8 A  |9 262530  |a BIBING  |b BIBING  |d 2019-11-19  |i 1646176  |o 388 INS 1979  |p 1646176  |r 2025-01-20  |w 2019-11-19  |y BK  |k TRA